LEADER 01396nam a2200337 a 4500 001 000000123640 003 CaOOAMICUS 005 20101103115137.0 008 101103t2010 it ba u000 u ita r 020 $a978-88-15-13891-0 040 $aPUL$bita 041 1 $aita$hger 082 04$a909 100 1 $aEck, Werner.$0(OLS)http://pul/name/14311 240 10$aAugustus und seine Zeit.$lItaliano.$0(OLS)http://pul/title/155840 245 10$aAugusto e il suo tempo /$cWerner Eck. 250 $aNuova ed. arricchita. 260 $aBologna :$bIl Mulino,$c2010. 300 $a146 p. :$bc. geogr., ill. ;$c21 cm. 490 1 $aUniversale paperbacks Il Mulino ;$v378 504 $aInclude riferimenti bibliografici ed indice. 600 14$aAugustus, Gaius Iulius Caesar Octavianus,$cimperatore romano,$d63 a.C.-14 d.C.$0(OLS)http://pul/subject/7819 830 0$aUniversale paperbacks Il Mulino ;$v378.$0(OLS)http://pul/title/190 850 $aPUL 852 $aPUL$W1$xDP2 Filosofia 3$y112$m909 COLL 2.378$j142337$qDDC 21$B141311$CPULBib$Z2$F141311 $H114962 $82 941 1 $a9 996 $6020$a978-88-15-13891-0$9(OLS)http://pul/number/145825 996 $6082$a909$9(OLS)http://pul/classification/566 996 $6245$aAugusto e il suo tempo$9(OLS)http://pul/title/40391 996 $6260$aBologna :$bIl Mulino$9(OLS)http://pul/publisher/47928 LEADER 02059nam a2200409 a 4500 001 000000147693 003 CaOOAMICUS 005 20151211103845.0 008 151126s2015 it u000 u ita r 020 $a978-88-13-357405* 032 $aLibriCat 040 $aPUL$bita 082 04$a348.45 100 1 $aCian, Giorgio,$d1935-2022.$0(OLS)http://pul/name/10130 245 10$aCommentario breve al codice civile :$bcomplemento giurisprudenziale /$cGiorgio Cian, Alberto Trabucchi ; con la collaborazione di Bruno Barel ... [et al.]. 250 $aEd. per prove concorsuali ed esami 2015 /$ba cura di Giorgio Cian. 260 $aPadova :$bCEDAM,$c2015$aMilanofiori Assago :$bWolters Kluwer 300 $av. ;$c24 cm. 490 1 $aBreviaria Iuris ;$v01 500 $aComprende indici. 500 $aTesto su due colonne. 505 0 $aV. Appendice novembre 2015. 650 4$aCodice civile$zItalia$xCommenti.$0(OLS)http://pul/subject/33992 650 4$aDiritto civile$zItalia.$0(OLS)http://pul/subject/3770 700 1 $aTrabucchi, Alberto,$d1907-1998.$0(OLS)http://pul/name/10131 700 1 $aBarel, Bruno.$0(OLS)http://pul/name/40840 830 0$aBreviaria Iuris ;$v01.$0(OLS)http://pul/title/8521 850 $aPUL 852 $aPUL$W1$xDP2 Diritto e Scienze Sociali 3$y110$m348. 45 COD 1.1.45$j170588$qDDC 21$B171494$CPULBib$Z2$F171494 $H126573 $81 852 $aPUL$W1$xDP2 Diritto e Scienze Sociali 3$y110$m348. 45 COD 1.1.45.2$j170853$bv. Appendice novembre 2015$qDDC 21$B171903$CPULBib$Z2$F171903 $H126763 $81 941 1 $a9 996 $6020$a978-88-13-357405*$9(OLS)http://pul/number/159035 996 $6082$a348.45$9(OLS)http://pul/classification/373 996 $6245$aCommentario breve al codice civile :$bcomplemento giurisprudenziale$9(OLS)http://pul/title/51186 996 $6260$aPadova :$bCEDAM$9(OLS)http://pul/publisher/48126 996 $6260$aMilanofiori Assago :$bWolters Kluwer$9(OLS)http://pul/publisher/81463